Rubber processing at boeung kep rubber plantation, ការកែច្នៃជ័រកៅស៊ូតាមបច្ចេកវិទ្យាចំការកៅស៊ូបឹងកេត (Record no. 2834)
[ view plain ]
| 000 -LEADER | |
|---|---|
| fixed length control field | 00561nam a22001577a 4500 |
| 003 - CONTROL NUMBER IDENTIFIER | |
| control field | OSt |
| 005 - DATE AND TIME OF LATEST TRANSACTION | |
| control field | 20151028151809.0 |
| 008 - FIXED-LENGTH DATA ELEMENTS--GENERAL INFORMATION | |
| fixed length control field | 151028b xxu||||| |||| 00| 0 eng d |
| 040 ## - CATALOGING SOURCE | |
| Transcribing agency | RUA |
| 082 ## - DEWEY DECIMAL CLASSIFICATION NUMBER | |
| Classification number | ATM.Sp DYN 2003 B064 Or.1 |
| 100 ## - MAIN ENTRY--PERSONAL NAME | |
| 9 (RLIN) | 3040 |
| Personal name | DYNA, PONNRAK. |
| 245 ## - TITLE STATEMENT | |
| Title | Rubber processing at boeung kep rubber plantation, ការកែច្នៃជ័រកៅស៊ូតាមបច្ចេកវិទ្យាចំការកៅស៊ូបឹងកេត |
| 260 ## - PUBLICATION, DISTRIBUTION, ETC. (IMPRINT) | |
| Place of publication, distribution, etc. | Phnom Penh |
| Name of publisher, distributor, etc. | RUA |
| Date of publication, distribution, etc. | 2003 |
| 300 ## - PHYSICAL DESCRIPTION | |
| Extent | 61p. |
| Other physical details | ill. |
| Dimensions | 29cm. |
| 942 ## - ADDED ENTRY ELEMENTS (KOHA) | |
| Source of classification or shelving scheme | |
| Koha item type | ATM.s |
| Price effective from | Date last seen | Permanent Location | Not for loan | Date acquired | Source of classification or shelving scheme | Koha item type | Lost status | Withdrawn status | Date last checked out | Total Checkouts | Shelving location | Damaged status | Barcode | Current Location | Full call number |
|---|---|---|---|---|---|---|---|---|---|---|---|---|---|---|---|
| 2015-10-28 | 2016-09-02 | Library Block B | 2015-10-28 | ATM.s | 2016-08-22 | 2 | B064 | RUA001651 | Library Block B | ATM.Sp DYN 2003 B064 Or.1 | |||||
| 2015-10-28 | 2015-10-28 | Library Block B | 2015-10-28 | ATM.s | B064 | RUA001874 | Library Block B | ATM.Sp DYN 2003 B064 Or.2 | |||||||
| 2015-10-28 | 2015-10-28 | Library Block B | 2015-10-28 | ATM.s | B064 | RUA001723 | Library Block B | ATM.Sp DYN 2003 B064 Or.3 | |||||||
| 2015-10-28 | 2015-10-28 | Library Block B | 2015-10-28 | ATM.s | B064 | RUA001939 | Library Block B | ATM.Sp DYN 2003 B064 Or.5 | |||||||
| 2016-01-25 | 2016-01-25 | Library Block B | 2016-01-25 | ATM.s | B064 | RUA047814 | Library Block B | ATM.Sp DYN 2003 B064 Or.6 |